[Event "Trieste op 4th"]
[Site "Trieste"]
[Date "2002.11.01"]
[Round "5"]
[White "Badiali, Carlo"]
[Black "Ursic, Aleksander"]
[Result "1-0"]
[WhiteElo "1705"]
[BlackElo "1800"]
[PlyCount "54"]
[EventDate "2002.10.26"]
[EventType "swiss"]
[EventRounds "7"]
[EventCountry "ITA"]
[SourceTitle "EXT 2005"]
[Source "ChessBase"]
[SourceDate "2004.11.15"]
[SourceVersion "1"]
[SourceVersionDate "2004.11.15"]
[SourceQuality "1"]

1. e4 e5 2. Nf3 Nc6 3. d4 exd4 4. Nxd4 Qh4 5. Nc3 Bb4 6. Be2 Bxc3+ 7. bxc3 Qxe4 8. Nb5 Kd8 9. 0-0 a6 10. Nd4 Nxd4 11. cxd4 Ne7 12. c4 d6 13. Bg5 f6 14. Bf3 Qg6 15. Bf4 h5 16. Re1 Bg4 17. Qb3 Bxf3 18. Qxf3 Rb8 19. Re6 Kd7 20. Rae1 Rhe8 21. h3 Qf7 22. d5 b5 23. Qa3 Nf5 24. Qxa6 Rb6 25. Qa3 Rg8 26. c5 Rbb8 27. cxd6 cxd6 1-0

[Event "Trieste op 4th"]
[Site "Trieste"]
[Date "2002.10.27"]
[Round "2"]
[White "Badiali, Carlo"]
[Black "Batic, Alexander"]
[Result "0-1"]
[WhiteElo "1705"]
[BlackElo "1800"]
[PlyCount "50"]
[EventDate "2002.10.26"]
[EventType "swiss"]
[EventRounds "7"]
[EventCountry "ITA"]
[SourceTitle "EXT 2005"]
[Source "ChessBase"]
[SourceDate "2004.11.15"]
[SourceVersion "1"]
[SourceVersionDate "2004.11.15"]
[SourceQuality "1"]

1. c4 Nf6 2. Nc3 g6 3. g3 Bg7 4. Bg2 c6 5. e4 d6 6. Nge2 Nbd7 7. 0-0 0-0 8. Rb1 Nb6 9. d3 Bg4 10. h3 Bd7 11. Be3 Nh5 12. g4 Nf6 13. Ng3 Qc7 14. Qd2 Rad8 15. f4 Bc8 16. Qf2 e6 17. Nce2 c5 18. Bf3 Ne8 19. b4 Nd7 20. Kg2 cxb4 21. Rxb4 b6 22. h4 Nc5 23. Rd1 Bb7 24. h5 f5 25. hxg6 hxg6 0-1